|
|
|
|
| LEADER |
00638nam a22001937a 4500 |
| 020 |
|
|
|a 9780199578108
|
| 082 |
|
|
|a 780.3
|b MIC/O
|
| 100 |
|
|
|a Michael
|9 42249
|
| 100 |
|
|
|a Joyce Kennedy
|9 42250
|
| 100 |
|
|
|a Tim Rutherford-Johnson
|9 42251
|
| 245 |
|
|
|a Oxford dictionary of music/
|c by Michael
|
| 260 |
|
|
|a UK:
|b Oxford University Press,
|c 2012.
|
| 300 |
|
|
|a 945p.
|b Appendix1 &2
|
| 650 |
|
|
|a Dictionary Music
|9 42252
|
| 650 |
|
|
|a Music
|9 42253
|
| 650 |
|
|
|a Arts
|9 42254
|
| 942 |
|
|
|c BK
|
| 999 |
|
|
|c 71149
|d 71149
|
| 952 |
|
|
|0 0
|1 0
|4 0
|6 780_300000000000000_MIC_O
|7 0
|9 91752
|a SSUS
|b SSUS
|c REF
|d 2018-04-18
|g 2670.00
|o 780.3 MIC/O
|p 088742
|r 2018-04-18
|w 2018-04-18
|y REF
|